Organizacja rachunkowości w samodzielnych publicznych zakładach opieki zdrowotnej / (Rekord nr 8888)
| 000 -ETYKIETA REKORDU | |
|---|---|
| podpole kontrolne o stałej długości | 00630naa a22001577i 4500 |
| 001 - NUMER KONTROLNY REKORDU | |
| podpole kontrolne | 8888 |
| 003 - IDENTYFIKATOR NUMERU KONTROLNEGO REKORDU | |
| podpole kontrolne | KOSZ 005 |
| 005 - DATA OSTATNIEJ MODYFIKACJI REKORDU | |
| podpole kontrolne | 20180309123009.0 |
| 008 - POLE O STAŁEJ DŁUGOŚCI - DANE KONTROLNE | |
| podpole kontrolne o stałej długości | 180309s2011 pl |||f| ||||0|| 0 pol d |
| 040 ## - ŹRÓDŁO KATALOGOWANIA | |
| Instytucja, która utworzyła rekord | KOSZ 005/HR |
| Instytucja, która sporządziła opis | KOSZ 005/HR |
| 041 0# - KOD JĘZYKA | |
| Kod języka tekstu | pol |
| 100 1# - NAZWA OSOBOWA | |
| Nazwa osobowa | ZALESKA, Beata. |
| Instytucja | Politechnika Koszalińska - Wydział Nauk Ekonomicznych, |
| Wydział | Katedra Rachunkowości. |
| Lata pracy | 1996 - . |
| 245 10 - TYTUŁ/ODPOWIEDZIALNOŚĆ | |
| Tytuł | Organizacja rachunkowości w samodzielnych publicznych zakładach opieki zdrowotnej / |
| Pozostałe elementy strefy tytułu i oznaczenia odpowiedzialności | Beata Zaleska. |
| 773 0# - TYTUŁ DOKUMENTU MACIERZYSTEGO | |
| Wyrażenie wprowadzające | W : |
| Tytuł | Organizacja rachunkowości / red. nauk. Kazimiera Winiarska. - |
| Adres wydawniczy | Warszawa : PWE, 2011. - |
| Informacje dotyczące relacji | s. 231-239 |
| 942 ## - HASŁO DODATKOWE - ELEMENTY(KOHA) | |
| Typ dokumentu | Rozdział |
| Schemat klasyfikacji | Uniwersalna klasyfikacja dziesiętna |
Brak dostępnych egzemplarzy.
